Statystyki dla Siedem kontynentów w kolejności alfabetycznej

Kliknij tutaj aby rozwiązać quiz!

Ogólne statystyki

  • Ten quiz został rozwiązany 28 razy
  • Średni wynik to 5 z 7

Statystyki odpowiedzi

HintOdpowiedź% Poprawnych
1Afryka
100%
3Ameryka Północna
89%
2Ameryka Południowa
89%
4Antarktyda
63%
7Europa
58%
6Azja
53%
5Australia i oceania
37%

Rozkład punktacji

Percentyl według liczby udzielonych odpowiedzi

Procent ludzi z każdym wynikiem

Twoja historia wyników

Nie rozwiązałeś tego quizu